[Event "MBSK HT"]
[Site "?"]
[Date "2000.07.23"]
[Round "7"]
[White "Kaupp, Wolfgang"]
[Black "Sitzler, Fabian"]
[Result "1-0"]
[WhiteElo "1601"]
[BlackElo "1383"]
[PlyCount "87"]

1. Nf3 d5 2. g3 Nf6 3. Bg2 e6 4. O-O c5 5. c4 Be7 6. b3 Nc6 7. Bb2 O-O 8. d3 a6
9. cxd5 exd5 10. Nbd2 Re8 11. d4 Ne4 12. Nxe4 dxe4 13. Ne5 Nxe5 14. dxe5 Qxd1
15. Rfxd1 Bf5 16. f3 exf3 17. Bxf3 Rab8 18. g4 Be6 19. h3 b5 20. Bc6 Red8 21.
Ba3 b4 22. Bb2 a5 23. e4 Rxd1+ 24. Rxd1 Rd8 25. Bd5 Kf8 26. Kf2 h5 27. Kg3 h4+
28. Kf3 g5 29. Ke2 Rc8 30. Kd3 Rd8 31. Kc4 Rc8 32. Bc1 Rc7 33. Bxe6 fxe6 34.
Be3 Rb7 35. Rd6 Bxd6 36. exd6 Ke8 37. Bxg5 Rg7 38. Bf6 Rf7 39. e5 Ra7 40. Kxc5
Rb7 41. Kc6 Rd7 42. Bxh4 Rh7 43. Bf6 Rf7 44. g5 1-0

[Event "MBSK HT"]
[Site "?"]
[Date "2000.07.23"]
[Round "7"]
[White "Brüchert, Matthias"]
[Black "Rothfuß, Sandra"]
[Result "1/2-1/2"]
[WhiteElo "1565"]
[BlackElo "1380"]
[PlyCount "80"]

1. e4 e6 2. d4 d5 3. Bd3 c5 4. Nf3 Nc6 5. exd5 exd5 6. Be3 Qb6 7. Nc3 Nf6 8.
Na4 Qa5+ 9. c3 b6 10. Bd2 c4 11. b4 Nxb4 12. cxb4 Bxb4 13. Bc2 b5 14. Nc5 c3
15. Bc1 O-O 16. O-O Bxc5 17. dxc5 b4 18. Qd4 Re8 19. Bg5 Ne4 20. Qxd5 Ba6 21.
Rfe1 Nxc5 22. Rxe8+ Rxe8 23. Be3 Nb7 24. Qxa5 Nxa5 25. Bxa7 Nc4 26. Bd3 Rc8 27.
Re1 g6 28. h3 Bb5 29. Bb6 Rb8 30. Ne5 Nxe5 31. Bxb5 Rxb6 32. Rxe5 c2 33. Rc5
c1=Q+ 34. Rxc1 Rxb5 35. Rb1 Ra5 36. Rb2 Kf8 37. Kf1 Ke7 38. Ke2 Kd6 39. Rxb4
Rxa2+ 40. Kf3 Ra5 1/2-1/2

[Event "MBSK HT"]
[Site "?"]
[Date "2000.07.23"]
[Round "7"]
[White "Lorenz, Michael"]
[Black "Roth, Johann"]
[Result "0-1"]
[WhiteElo "1850"]
[BlackElo "1886"]
[PlyCount "88"]

1. c4 c6 2. Nf3 d5 3. b3 Bf5 4. g3 e6 5. Bb2 Nf6 6. Bg2 Nbd7 7. O-O Be7 8. d3
O-O 9. Nh4 Bg4 10. h3 Bh5 11. Nd2 Ne8 12. Nhf3 f5 13. Ne5 Nxe5 14. Bxe5 Bd6 15.
f4 Bxe5 16. fxe5 Qg5 17. Kh2 f4 18. g4 Bg6 19. Nf3 Qe7 20. Qd2 h6 21. Nd4 c5
22. Nxe6 f3 23. Nxf8 Qxe5+ 24. Kg1 fxg2 25. Kxg2 Bf7 26. Nd7 Qd6 27. Nxc5 Qxc5
28. Qf4 Nf6 29. cxd5 Qxd5+ 30. Kh2 Re8 31. Rf2 Bg6 32. Rd1 Nd7 33. Qc4 Bf7 34.
Qxd5 Bxd5 35. e4 Bc6 36. Kg2 Nc5 37. Kf1 Bb5 38. Rf3 Nxe4 39. Kg1 Ng5 40. Rg3
Bc6 41. Kf2 Rf8+ 42. Ke3 Re8+ 43. Kd2 Rd8 44. Kc3 Ne4+ 0-1

[Event "MBSK HT"]
[Site "?"]
[Date "2000.07.23"]
[Round "7"]
[White "Merkel, Markus"]
[Black "Thorvaldsen, Petter"]
[Result "1-0"]
[WhiteElo "1945"]
[BlackElo "1078"]
[PlyCount "141"]

1. c4 c6 2. b3 d5 3. Bb2 Nf6 4. Nf3 Bg4 5. g3 Bxf3 6. exf3 Nbd7 7. d4 e6 8. Bd3
Bb4+ 9. Kf1 O-O 10. Kg2 Re8 11. f4 Rc8 12. c5 g6 13. Nd2 Qa5 14. Nb1 Qd8 15. a3
Ba5 16. Nd2 h5 17. Nf3 Nh7 18. Ne5 Nxe5 19. fxe5 Kg7 20. Qc2 Rh8 21. Bc1 Qg8
22. Be3 Bd8 23. b4 h4 24. h3 hxg3 25. fxg3 Bg5 26. Qd2 Bxe3 27. Qxe3 Nf8 28.
Raf1 Rc7 29. Qg5 Qh7 30. h4 Qh6 31. Qxh6+ Rxh6 32. g4 Rc8 33. Kg3 Nd7 34. Rf3
g5 35. h5 Rf8 36. Rhf1 f6 37. exf6+ Rhxf6 38. b5 Rxf3+ 39. Rxf3 Rxf3+ 40. Kxf3
e5 41. Bf5 e4+ 42. Kg3 Nb8 43. b6 axb6 44. cxb6 c5 45. Be6 cxd4 46. Bxd5 e3 47.
a4 d3 48. Bxb7 Nd7 49. Ba6 d2 50. Be2 Nxb6 51. Kf3 Nc4 52. a5 Nxa5 53. Kxe3
Nc4+ 54. Kd3 d1=Q+ 55. Bxd1 Nb2+ 56. Ke2 Nxd1 57. Kxd1 Kf7 58. Ke2 Ke6 59. Ke3
Ke5 60. Kd3 Ke6 61. Kd4 Kf6 62. Kd5 Kg7 63. Ke6 Kh7 64. Kf6 Kh6 65. Kf5 Kh7 66.
Kxg5 Kg7 67. Kf5 Kh6 68. Kf6 Kh7 69. g5 Kg8 70. Kg6 Kh8 71. Kf7 1-0

[Event "MBSK HT"]
[Site "?"]
[Date "2000.07.23"]
[Round "7"]
[White "Sitzler, Manfred"]
[Black "Grampp, Holger"]
[Result "0-1"]
[WhiteElo "1426"]
[BlackElo "1729"]
[PlyCount "141"]

1. d4 d5 2. e4 dxe4 3. Nc3 Nf6 4. f3 e3 5. Bxe3 e6 6. Bd3 Be7 7. Qe2 Bb4 8. Qd2
Nd5 9. Nge2 Nxe3 10. Qxe3 Nd7 11. O-O-O Nf6 12. g4 Nd5 13. Nxd5 Qxd5 14. Kb1 c6
15. Qe5 Qxe5 16. dxe5 Bd7 17. Be4 a5 18. a3 Bc5 19. Nc3 Ke7 20. Na4 Ba7 21. Rd3
b5 22. Rhd1 Rad8 23. Nc3 c5 24. f4 c4 25. Rd6 Bc5 26. R6d2 Be3 27. Rd6 Bxf4 28.
Ra6 a4 29. Ra7 Ke8 30. Nxb5 Bxb5 31. Rxd8+ Kxd8 32. Ra8+ Ke7 33. Rxh8 Bxe5 34.
Rxh7 Kf6 35. h3 c3 36. bxc3 Bxc3 37. Rh8 Bf1 38. Bc6 e5 39. Be4 g6 40. h4 Be2
41. h5 Kg7 42. Ra8 gxh5 43. gxh5 Bg4 44. Rxa4 f5 45. Bg2 Bd4 46. Rc4 f4 47. a4
f3 48. Bf1 Be6 49. h6+ Kf7 50. Rc7+ Kg6 51. Rc6 Kf7 52. Rc7+ Kg6 53. Bd3+ Bf5
54. Bxf5+ Kxf5 55. Rf7+ Kg4 56. h7 e4 57. Rf8 e3 58. Rg8+ Kh3 59. h8=Q+ Bxh8
60. Rxh8+ Kg2 61. Rg8+ Kf2 62. a5 e2 63. a6 e1=Q+ 64. Kb2 Qb4+ 65. Kc1 Qa3+ 66.
Kd2 Qxa6 67. Rh8 Qd6+ 68. Kc1 Qf4+ 69. Kb1 Qe4 70. Rh2+ Ke3 71. Rh3 0-1